[Event "VIE-ch playoff"]
[Site "Ho Chi Minh City"]
[Date "2010.04.02"]
[Round "2.1"]
[White "Nguyen, Van Hai"]
[Black "Nguyen, Sy Hung"]
[Result "1-0"]
[WhiteElo "2300"]
[BlackElo "2016"]
[PlyCount "117"]
[EventDate "2010.03.26"]
[EventType "match"]
[EventRounds "2"]
[EventCountry "VIE"]
[SourceTitle "CBM 135 Extra"]
[Source "ChessBase"]
[SourceDate "2010.05.04"]
[SourceVersion "1"]
[SourceVersionDate "2010.05.04"]
[SourceQuality "1"]

1. d4 Nf6 2. c4 d5 3. Nf3 c6 4. Nc3 e6 5. cxd5 exd5 6. Bg5 Be7 7. Qc2 0-0 8. e3 Nbd7 9. Bd3 Re8 10. 0-0 Ne4 11. Bxe4 dxe4 12. Nxe4 Nf6 13. Nxf6+ Bxf6 14. Bf4 Qd5 15. Rfc1 Bf5 16. Qc5 Qd7 17. Qd6 Rad8 18. Qxd7 Rxd7 19. Bg5 Bxg5 20. Nxg5 Bg4 21. h3 Bh5 22. g4 Bg6 23. Kh2 h5 24. Kg3 f6 25. Nf3 hxg4 26. hxg4 Be4 27. b4 Bxf3 28. Kxf3 Kf7 29. a4 a6 30. Rc5 Ke6 31. b5 cxb5 32. axb5 axb5 33. Rb1 Rd5 34. Rcxb5 Rxb5 35. Rxb5 Re7 36. Rb6+ Kd5 37. Kf4 Kc4 38. Kf5 Kd3 39. Kf4 Rd7 40. Kf5 Re7 41. d5 Re5+ 42. Kg6 Rxd5 43. Kxg7 Rg5+ 44. Kxf6 Rxg4 45. Rb3+ Ke2 46. Kf5 Rg8 47. f4 Rf8+ 48. Kg6 Kf3 49. f5 Ke4 50. f6 Rg8+ 51. Kf7 Rg5 52. Kf8 b5 53. f7 Rc5 54. Kg7 Rg5+ 55. Kf6 Rf5+ 56. Kg6 Rf3 57. Rxb5 Rf1 58. Kg7 Rg1+ 59. Kf6 1-0

[Event "VIE-ch"]
[Site "Ho Chi Minh City"]
[Date "2009.12.15"]
[Round "8"]
[White "Phan, Anh Son"]
[Black "Nguyen, Sy Hung"]
[Result "1-0"]
[WhiteElo "2116"]
[BlackElo "2013"]
[PlyCount "90"]
[EventDate "2009.12.10"]
[EventType "swiss"]
[EventRounds "9"]
[EventCountry "VIE"]
[SourceTitle "CBM 133 Extra"]
[Source "ChessBase"]
[SourceDate "2010.01.05"]
[SourceVersion "1"]
[SourceVersionDate "2010.01.05"]
[SourceQuality "1"]

1. d4 g6 2. g3 Bg7 3. Bg2 d6 4. Nf3 Nf6 5. 0-0 0-0 6. b3 a5 7. c4 Na6 8. Bb2 c6 9. Nc3 Bf5 10. Nh4 Bg4 11. h3 Bd7 12. e4 e5 13. Nf3 Re8 14. Re1 Qc7 15. a3 Rad8 16. Qc2 Bc8 17. d5 Nd7 18. Bc1 Ndc5 19. Rb1 h6 20. b4 Nd7 21. Be3 axb4 22. axb4 c5 23. Nb5 Qb8 24. bxc5 Ndxc5 25. Nd2 Bd7 26. Nb3 Rc8 27. Nxc5 Nxc5 28. g4 Rf8 29. f4 f5 30. fxe5 dxe5 31. gxf5 gxf5 32. Qe2 f4 33. Bf2 Rf6 34. Kh2 b6 35. Bf3 Kh8 36. Rg1 Bxb5 37. Rxb5 Qa7 38. Bh4 Rd6 39. Rb2 Ra8 40. Qg2 Nd3 41. Rd2 Nc5 42. Kh1 Qf7 43. Bg4 Nb3 44. Ra2 Ra5 45. Be6 f3 1-0

[Event "VIE-ch"]
[Site "Ho Chi Minh City"]
[Date "2009.12.14"]
[Round "6"]
[White "Nguyen, Anh Tuan"]
[Black "Nguyen, Sy Hung"]
[Result "0-1"]
[WhiteElo "1987"]
[BlackElo "2013"]
[PlyCount "48"]
[EventDate "2009.12.10"]
[EventType "swiss"]
[EventRounds "9"]
[EventCountry "VIE"]
[SourceTitle "CBM 133 Extra"]
[Source "ChessBase"]
[SourceDate "2010.01.05"]
[SourceVersion "1"]
[SourceVersionDate "2010.01.05"]
[SourceQuality "1"]

1. e4 g6 2. Nf3 Bg7 3. Bc4 d6 4. 0-0 e6 5. Nc3 a6 6. a4 b6 7. d4 Ne7 8. Re1 h6 9. Bf4 Bb7 10. Qd2 Nd7 11. h3 Nf6 12. Rad1 Qd7 13. Bb3 g5 14. Bg3 Nh5 15. Bh2 Ng6 16. Qe3 0-0 17. e5 Nhf4 18. Ne2 Nxg2 19. Kxg2 Nh4+ 20. Kf1 Nxf3 21. Bg3 Nxe1 22. Rxe1 Qc6 23. d5 exd5 24. Nd4 Qc5 0-1